[Event "ICS rated blitz match"]
[Site "204.178.125.65"]
[Date "1999.12.04"]
[Round "?"]
[White "sega"]
[Black "Hossa"]
[Result "0-1"]
[WhiteElo "2093"]
[BlackElo "2603"]
[PlyCount "68"]
[EventDate "1999.??.??"]

1. d4 d5 2. c4 e6 3. Nc3 Nf6 4. Nf3 Be7 5. cxd5 exd5 6. Bf4 O-O 7. e3 Nh5 8.
Bg3 Nc6 9. Bb5 Bg4 10. Bxc6 bxc6 11. Qc2 Re8 12. Ne5 Bd7 13. Rc1 Bd6 14. Nxd7
Qxd7 15. Bxd6 cxd6 16. O-O Nf6 17. b4 Rab8 18. a3 Rb6 19. Na4 Ra6 20. Qb3 c5
21. b5 c4 22. Qb4 Rb8 23. Rb1 h6 24. bxa6 Rxb4 25. Rxb4 Qc6 26. Nc3 Kh7 27. f3
Qxa6 28. a4 Qc8 29. Rfb1 Qf5 30. e4 dxe4 31. fxe4 Nxe4 32. Rf1 Qa5 33. Rxc4
Nxc3 34. Rxf7 34... Nd5 {sega resigns} 0-1

[Event "ICS rated blitz match"]
[Site "204.178.125.65"]
[Date "1999.12.04"]
[Round "?"]
[White "Hossa"]
[Black "ADOLF"]
[Result "1-0"]
[WhiteElo "2605"]
[BlackElo "2484"]
[PlyCount "121"]
[EventDate "1999.??.??"]

1. e4 e5 2. Nf3 Nc6 3. Bb5 a6 4. Ba4 Nf6 5. O-O Be7 6. Re1 b5 7. Bb3 d6 8. c3
O-O 9. h3 Nd7 10. d4 Bf6 11. Be3 Na5 12. dxe5 Nxb3 13. axb3 Nxe5 14. Nxe5 dxe5
15. Nd2 Bb7 16. Bc5 Re8 17. Qe2 Qd7 18. Red1 Qe6 19. b4 Rad8 20. c4 c6 21. Nb3
g6 22. Na5 Bc8 23. Bb6 Rxd1+ 24. Rxd1 Be7 25. Bc5 bxc4 26. Bxe7 Qxe7 27. Qxc4
Qc7 28. Qxc6 Qxc6 29. Nxc6 Bb7 30. Rd6 Bxc6 31. Rxc6 Rb8 32. Rc4 Rb5 33. g3 Kg7
34. f3 a5 35. bxa5 Rxa5 36. b4 Ra2 37. Rc7 Rb2 38. Rb7 h5 39. b5 Kf6 40. h4 Kg7
41. b6 Kf6 42. Kf1 Ke6 43. Kg1 Kf6 44. Rb8 Kg7 45. b7 Rb3 46. Kf2 Kh7 47. g4
hxg4 48. fxg4 f6 49. Ke2 Kg7 50. h5 gxh5 51. gxh5 Kh7 52. Kd2 Kg7 53. Kc2 Rb4
54. Kd3 Rb1 55. Kc3 Kh7 56. Kc4 Kg7 57. Kc5 Rc1+ 58. Kd5 Rb1 59. Ke6 Rb6+ 60.
Kf5 Kh7 61. h6 {ADOLF resigns} 1-0

[Event "ICS rated blitz match"]
[Site "204.178.125.65"]
[Date "1999.12.04"]
[Round "?"]
[White "robbok1"]
[Black "Hossa"]
[Result "1-0"]
[WhiteElo "2414"]
[BlackElo "2616"]
[PlyCount "159"]
[EventDate "1999.??.??"]

1. e4 e5 2. Nf3 Nc6 3. d4 exd4 4. Bc4 Nf6 5. e5 Ng4 6. O-O Qe7 7. Re1 Qc5 8.
Qe2 Be7 9. h3 Nxf2 10. Na3 Na5 11. Bb3 Nxh3+ 12. gxh3 d3+ 13. Qf2 Qxf2+ 14.
Kxf2 Nxb3 15. cxb3 O-O 16. Nb5 Bd8 17. Bg5 c6 18. Bxd8 cxb5 19. Be7 Re8 20. Bd6
b6 21. Rad1 Re6 22. Nd4 Rg6 23. Nf5 Kh8 24. Ne7 Re6 25. Nd5 Rg6 26. Nc7 Bb7 27.
Nxa8 Rg2+ 28. Ke3 Bxa8 29. Rxd3 Bc6 30. Re2 Rg1 31. Rf2 Kg8 32. Rc3 h5 33. a3
Rh1 34. Kf4 Ra1 35. Kg5 a6 36. Kxh5 Re1 37. Rd2 a5 38. Kg4 Kh7 39. h4 Kg6 40.
h5+ Kh6 41. Rg3 Rf1 42. Rd4 Rh1 43. Bf8 Kh7 44. Rd2 Kg8 45. Bd6 Re1 46. Kg5 Kh7
47. Rf2 Bd5 48. Rd2 Bc6 49. Rf2 Bd5 50. Rd3 Be6 51. Rg2 Rf1 52. Rh2 Rf5+ 53.
Kh4 Kh6 54. Kg3 Rg5+ 55. Kf4 Rf5+ 56. Kg3 Rg5+ 57. Kf2 Rf5+ 58. Ke1 Rxh5 59.
Rxh5+ Kxh5 60. Bc7 a4 61. bxa4 bxa4 62. Bxb6 f6 63. exf6 gxf6 64. Rd4 Bb3 65.
Rxd7 f5 66. Be3 Kg6 67. Rd6+ Kh5 68. Kf2 Kg4 69. Rg6+ Kh3 70. Kf3 Bd1+ 71. Kf4
Bb3 72. Rg3+ Kh4 73. Rg2 Kh5 74. Kxf5 Kh4 75. Bf4 Be6+ 76. Kxe6 Kh3 77. Rh2+
Kg4 78. Rf2 Kh3 79. Kf5 Kh4 80. Rh2# {Hossa checkmated} 1-0

[Event "ICS rated blitz match"]
[Site "204.178.125.65"]
[Date "1999.12.05"]
[Round "?"]
[White "Hossa"]
[Black "robbok1"]
[Result "0-1"]
[WhiteElo "2592"]
[BlackElo "2438"]
[PlyCount "74"]
[EventDate "1999.??.??"]

1. e4 c5 2. Nf3 Nc6 3. d4 cxd4 4. Nxd4 e5 5. Nb5 d6 6. c4 Be7 7. N1c3 a6 8. Na3
Be6 9. Nc2 Rc8 10. Nd5 Bg5 11. Bxg5 Qxg5 12. Nce3 Qg6 13. Bd3 Nf6 14. O-O O-O
15. f4 exf4 16. Rxf4 Bxd5 17. Nxd5 Nxd5 18. exd5 Qg5 19. Qd2 Ne5 20. Raf1 f5
21. Qc3 g6 22. Be2 Rfe8 23. Qb4 Nf3+ 24. R4xf3 Rxe2 25. Rg3 Qf6 26. b3 b5 27.
Qa5 Qd4+ 28. Kh1 Rce8 29. Qa3 Rf2 30. Rc1 Qd2 31. Rg1 Re1 32. h4 Rxg1+ 33. Kxg1
Qe1+ 34. Kh2 Rf1 35. Rxg6+ hxg6 36. g3 Rf2+ 37. Kh3 37... Qf1# {
Hossa checkmated} 0-1

[Event "ICS rated blitz match"]
[Site "204.178.125.65"]
[Date "1999.12.05"]
[Round "?"]
[White "Hossa"]
[Black "PowerMan"]
[Result "1-0"]
[WhiteElo "2569"]
[BlackElo "2094"]
[PlyCount "71"]
[EventDate "1999.??.??"]

1. d4 f5 2. Nf3 d6 3. Bf4 Nf6 4. e3 g6 5. Bd3 Bg7 6. O-O O-O 7. c4 Qe8 8. Nc3
Nh5 9. Nd5 Na6 10. Bg5 e5 11. c5 Qf7 12. Ne7+ Kh8 13. c6 e4 14. Nxc8 Raxc8 15.
cxb7 exd3 16. bxc8=R Rxc8 17. Qxd3 Nb8 18. Qb3 Qd7 19. Rac1 h6 20. Bh4 g5 21.
Bg3 Rf8 22. Qb7 Rc8 23. Bxd6 Nf6 24. Rxc7 Rxc7 25. Bxc7 Nc6 26. Rc1 Ne7 27. Ne5
Qe6 28. Bd6 Ned5 29. Ng6+ Kg8 30. Rc8+ Ne8 31. Rxe8+ Qxe8 32. Qxd5+ Kh7 33. Ne7
a6 34. Qxf5+ Kh8 35. Qe6 a5 36. Ng6+ {PowerMan resigns} 1-0

[Event "ICS rated bullet match"]
[Site "204.178.125.65"]
[Date "1999.12.05"]
[Round "?"]
[White "Mofongo"]
[Black "Hossa"]
[Result "1-0"]
[WhiteElo "2701"]
[BlackElo "2608"]
[PlyCount "115"]
[EventDate "1999.??.??"]

1. e4 c5 2. Nf3 Nc6 3. d4 cxd4 4. Nxd4 e5 5. Nb5 d6 6. c4 Be7 7. N1c3 a6 8. Na3
Be6 9. Be2 Nd4 10. O-O Nf6 11. Be3 Nxe2+ 12. Qxe2 O-O 13. Rfd1 Rc8 14. Bg5 Qb6
15. Bxf6 Bxf6 16. Nd5 Bxd5 17. Rxd5 Be7 18. Rc1 Rc5 19. Rcd1 f5 20. exf5 Rxd5
21. Rxd5 Rxf5 22. b3 Bh4 23. g3 Be7 24. Nc2 Rf7 25. Ne3 Qd8 26. c5 Qc7 27. Ng4
dxc5 28. Nxe5 Rf5 29. g4 Rxe5 30. Rxe5 Kf8 31. Rf5+ Ke8 32. Qe6 g6 33. Rf7 Qd6
34. Qxd6 Bxd6 35. Rxb7 Be7 36. Ra7 a5 37. Rxa5 Kf7 38. a4 h6 39. Ra7 Ke6 40. a5
Bd6 41. a6 c4 42. bxc4 h5 43. Rg7 Bc5 44. Rxg6+ Kd7 45. Rg5 Ba7 46. Rg7+ Kc6
47. Rxa7 Kb6 48. Rh7 Kxa6 49. Rxh5 Kb6 50. Rd5 Kc7 51. g5 Kb6 52. g6 Kc7 53. g7
Kc6 54. g8=Q Kc7 55. Qd8+ Kb7 56. Rb5+ Kc6 57. Rb8 Kc5 58. Qd5# {
Hossa checkmated} 1-0

[Event "ICS rated blitz match"]
[Site "204.178.125.65"]
[Date "1999.12.05"]
[Round "?"]
[White "Hossa"]
[Black "JUNIORE"]
[Result "1-0"]
[WhiteElo "2573"]
[BlackElo "2058"]
[PlyCount "69"]
[EventDate "1999.??.??"]

1. e4 c5 2. Nf3 Nc6 3. d4 cxd4 4. Nxd4 Nf6 5. Nc3 e5 6. Ndb5 d6 7. Bg5 a6 8.
Na3 b5 9. Nd5 Qa5+ 10. Bd2 Qd8 11. Be3 Nxd5 12. Qxd5 Bb7 13. Rd1 Be7 14. Be2
O-O 15. Bg4 Rb8 16. Qd2 Bc8 17. Bxc8 Rxc8 18. O-O g6 19. Bh6 Re8 20. c3 Qd7 21.
Nc2 Rcd8 22. Ne3 Bf8 23. Nd5 Re6 24. Bg5 Ne7 25. Nf6+ Rxf6 26. Bxf6 Bg7 27.
Bxg7 Kxg7 28. f4 exf4 29. Qd4+ f6 30. Rxf4 Qe6 31. Qb6 Rd7 32. Qxa6 f5 33. Qxb5
fxe4 34. Rxe4 Qf6 35. Qxd7 {JUNIORE resigns} 1-0

[Event "ICS rated blitz match"]
[Site "204.178.125.65"]
[Date "1999.12.05"]
[Round "?"]
[White "Falke"]
[Black "Hossa"]
[Result "1-0"]
[WhiteElo "2399"]
[BlackElo "2575"]
[PlyCount "223"]
[EventDate "1999.??.??"]

1. d4 d5 2. c4 e6 3. Nf3 Nf6 4. Nc3 Be7 5. Bf4 O-O 6. e3 c5 7. dxc5 Bxc5 8. Qc2
Nc6 9. a3 Qa5 10. Nd2 Be7 11. Nb3 Qb6 12. cxd5 exd5 13. Bd3 Be6 14. Na4 Qd8 15.
Nac5 Rc8 16. O-O Na5 17. Nxe6 fxe6 18. Qd1 Nc4 19. Ra2 Qb6 20. Bxc4 Rxc4 21.
Nd4 Rcc8 22. a4 Qa6 23. Ra1 Rc4 24. b3 Rcc8 25. Qf3 Bc5 26. Rac1 Ne4 27. Qg4
Rce8 28. Nb5 Re7 29. Rxc5 Rxf4 30. Rc8+ Rf8 31. Rxf8+ Kxf8 32. Qf4+ Nf6 33.
Qb8+ Re8 34. Qxa7 Rc8 35. Qd4 Ne4 36. f3 Nf6 37. Qb4+ Kg8 38. Qf4 Qb6 39. Nd4
Nd7 40. a5 Qa6 41. b4 Rf8 42. b5 Qxa5 43. Qd6 Rf7 44. Qxe6 Qc3 45. Qe8+ Nf8 46.
Rd1 Qa3 47. Qe5 Ng6 48. Qe8+ Nf8 49. Nc2 Qb3 50. Rd2 Qb1+ 51. Kf2 Qc1 52. Re2
Qb2 53. Nd4 Qc3 54. Rc2 Qd3 55. Ra2 Qb1 56. Ra7 Qb4 57. Qe5 Rd7 58. Kg3 Qb1 59.
Kf2 Qb4 60. Kf1 Qb1+ 61. Ke2 Qb2+ 62. Kd3 Qxg2 63. Qg3 Qb2 64. Qb8 Re7 65. Qd6
Qb1+ 66. Kd2 Rd7 67. Qb6 Qb4+ 68. Kd1 Qe7 69. Ne2 Qf7 70. f4 Rc7 71. Ke1 Kh8
72. Qd4 Rd7 73. Ng3 Re7 74. Qc5 Kg8 75. Qa3 Rc7 76. Qd3 Rc1+ 77. Kd2 Rc5 78. b6
Rc6 79. Qb3 Rc4 80. Ne2 Qd7 81. Nd4 Qe7 82. Qb5 Qe4 83. Rxb7 Qg2+ 84. Ne2 Qe4
85. Qb3 Rb4 86. Qc2 Qg2 87. Qf5 Qg6 88. Qxd5+ Qe6 89. Qxe6+ Nxe6 90. Kc3 Re4
91. Re7 Kf8 92. b7 Rxe3+ 93. Kd2 Rb3 94. Nc1 Rb5 95. Rxe6 Kf7 96. Ra6 Rxb7 97.
Nd3 g6 98. Ke3 Kg7 99. Ke4 Rd7 100. Ra5 Rb7 101. f5 Rd7 102. Ne5 gxf5+ 103.
Kxf5 Rc7 104. Ra2 Kf8 105. Kf6 Rc8 106. Ra7 h6 107. Re7 Kg8 108. Kg6 Rf8 109.
Ng4 Rf1 110. Re8+ Rf8 111. Nxh6+ Kh8 112. Rxf8# {Hossa checkmated} 1-0

[Event "ICS rated blitz match"]
[Site "204.178.125.65"]
[Date "1999.12.05"]
[Round "?"]
[White "Hossa"]
[Black "smash"]
[Result "1-0"]
[WhiteElo "2552"]
[BlackElo "2081"]
[PlyCount "89"]
[EventDate "1999.??.??"]

1. e4 e6 2. d4 d5 3. Nc3 Nf6 4. Bg5 dxe4 5. Nxe4 Be7 6. Nxf6+ gxf6 7. Bf4 c5 8.
dxc5 Qa5+ 9. c3 Qxc5 10. Qg4 Qb6 11. O-O-O Nc6 12. Qg7 Rf8 13. Qxh7 Qxf2 14.
Bh6 e5 15. Nf3 Be6 16. Bxf8 Bxf8 17. Kb1 a5 18. Qe4 a4 19. Bb5 Qc5 20. Bxc6+
bxc6 21. Rd3 Bd5 22. Qh4 e4 23. Re1 Qc4 24. Rxd5 cxd5 25. Qxf6 Qd3+ 26. Ka1 Qa6
27. Qd4 Qb7 28. Qe5+ Be7 29. Qh8+ Kd7 30. Qh3+ Ke8 31. Ne5 Rb8 32. Re2 Qa7 33.
Qh8+ Bf8 34. Nd3 a3 35. b4 Qc7 36. Nc5 Rb6 37. Qd4 Bxc5 38. bxc5 Qxh2 39. Rd2
Qh1+ 40. Rd1 Qxg2 41. Qa4+ Kf8 42. Qxa3 Rb5 43. c6+ Kg7 44. c7 Qg4 45. Rh1 {
smash resigns} 1-0

[Event "ICS rated blitz match"]
[Site "204.178.125.65"]
[Date "1999.12.05"]
[Round "?"]
[White "smash"]
[Black "Hossa"]
[Result "1-0"]
[WhiteElo "2079"]
[BlackElo "2554"]
[PlyCount "115"]
[EventDate "1999.??.??"]

1. d4 f5 2. c4 e6 3. Nf3 Nf6 4. Nc3 Be7 5. g3 Nc6 6. Bg2 O-O 7. d5 Na5 8. Qd3
Bb4 9. O-O d6 10. Bg5 e5 11. Nd2 Bd7 12. a3 Bxc3 13. Qxc3 b6 14. b4 Nb7 15. f4
e4 16. Nb3 Qe8 17. Nd4 Qh5 18. Rfe1 Rae8 19. Bxf6 Rxf6 20. Qe3 Rh6 21. h3 a6
22. Rab1 a5 23. Rbd1 Rg6 24. Ra1 Rc8 25. Rec1 a4 26. Re1 Nd8 27. Rad1 Qh6 28.
Rc1 Qh5 29. Rc2 Nf7 30. Rec1 Nd8 31. c5 bxc5 32. bxc5 c6 33. dxc6 Nxc6 34. Rc4
Nxd4 35. Rxd4 Qh6 36. Rd5 Rc6 37. Rcd1 Kh8 38. cxd6 Rgxd6 39. Qa7 Rxd5 40. Rxd5
Be8 41. Rd8 Qg6 42. Qe7 h6 43. Rxe8+ Kh7 44. Qd8 Qf7 45. g4 Re6 46. Rh8+ Kg6
47. Rf8 fxg4 48. Rxf7 Kxf7 49. hxg4 Re8 50. Qd5+ Ke7 51. Bxe4 Rd8 52. Qe5+ Kf8
53. Qc7 Rd1+ 54. Kf2 Rd4 55. Bg6 Rxf4+ 56. Ke3 Kg8 57. Kxf4 h5 58. Qd8# {
Hossa checkmated} 1-0

[Event "ICS rated blitz match"]
[Site "204.178.125.65"]
[Date "1999.12.05"]
[Round "?"]
[White "Hossa"]
[Black "smash"]
[Result "0-1"]
[WhiteElo "2524"]
[BlackElo "2109"]
[PlyCount "80"]
[EventDate "1999.??.??"]

1. d4 Nf6 2. c4 g6 3. Bf4 Bg7 4. Nc3 d6 5. Nf3 O-O 6. e3 Nh5 7. Bg5 h6 8. Bh4
g5 9. Bg3 f5 10. Nxg5 Nxg3 11. hxg3 hxg5 12. Qh5 e6 13. f4 g4 14. O-O-O Rf7 15.
e4 a6 16. exf5 exf5 17. Kb1 Nc6 18. Rh2 Nxd4 19. Re1 Re7 20. Rd1 Be6 21. Nd5
Bxd5 22. cxd5 Qd7 23. Bc4 Rae8 24. Rhh1 Ne2 25. Qh4 Kf8 26. Rd3 Qa4 27. Bb3 Qe4
28. Bc2 Nd4 29. Rd2 Nxc2 30. Rxc2 Qd3 31. Rhc1 Re1 32. Qh1 Rxh1 33. Rxh1 Re2
34. Rhc1 Bd4 35. a4 Be3 36. Ka2 Bxc1 37. Rxe2 Qxe2 38. Kb3 Qd3+ 39. Ka2 Qc2 40.
a5 40... Qxb2# {Hossa checkmated} 0-1

[Event "ICS unrated blitz match"]
[Site "204.178.125.65"]
[Date "1999.12.05"]
[Round "?"]
[White "Moron"]
[Black "Hossa"]
[Result "1-0"]
[WhiteElo "2725"]
[BlackElo "2495"]
[PlyCount "161"]
[EventDate "1999.??.??"]

1. e4 c5 2. Nf3 d6 3. Bb5+ Bd7 4. Bxd7+ Nxd7 5. O-O Ngf6 6. Qe2 e6 7. b3 Be7 8.
Bb2 O-O 9. c4 a6 10. d4 d5 11. exd5 exd5 12. Nc3 dxc4 13. Qxc4 cxd4 14. Qxd4
Nc5 15. Rad1 Qxd4 16. Nxd4 Rfe8 17. Nf5 Bf8 18. b4 Ncd7 19. Rd4 Nb8 20. a3 Nc6
21. Rd2 Ne5 22. Rd4 g6 23. Nd6 Bxd6 24. Rxd6 Nc4 25. Rxf6 Nxb2 26. g4 Nc4 27.
a4 Rad8 28. Rf4 Nd2 29. Rd1 Rd3 30. Kg2 Rd6 31. Nb1 Re2 32. g5 Kg7 33. Rf6 Rd3
34. Rxd2 Rdxd2 35. Nxd2 Rxd2 36. Rb6 Rd7 37. f4 Rc7 38. Kf3 h5 39. Ke4 Re7+ 40.
Kd3 Rd7+ 41. Ke3 Kf8 42. b5 a5 43. Ke4 Re7+ 44. Kd5 h4 45. Kd4 Ke8 46. h3 Kd8
47. Kd5 Ke8 48. Kc5 Rc7+ 49. Kd4 Ke7 50. Ke4 Kd8 51. Kf3 Rd7 52. Kg4 Kc7 53.
Rf6 Kd8 54. Kxh4 Ke7 55. Rb6 Kf8 56. Kg3 Kg8 57. f5 Kh7 58. Kf4 Kg7 59. fxg6
fxg6 60. Ke5 Re7+ 61. Re6 Rf7 62. Kd6 Kh7 63. Re7 Kg8 64. Rxf7 Kxf7 65. b6 Kf8
66. Kc7 Ke7 67. Kxb7 Kd6 68. Ka6 Kc6 69. b7 Kc7 70. h4 Kd7 71. b8=Q Ke6 72.
Qg8+ Kf5 73. Qf7+ Ke4 74. Qxg6+ Ke5 75. Qf6+ Ke4 76. g6 Ke3 77. g7 Ke4 78. Qd8
Ke5 79. g8=Q Kf5 80. Qdd5+ Kf4 81. Qgg5# {Hossa checkmated} 1-0

[Event "ICS unrated blitz match"]
[Site "204.178.125.65"]
[Date "1999.12.05"]
[Round "?"]
[White "Hossa"]
[Black "Moron"]
[Result "0-1"]
[WhiteElo "2495"]
[BlackElo "2725"]
[PlyCount "146"]
[EventDate "1999.??.??"]

1. e4 e5 2. Nf3 Nc6 3. d4 exd4 4. Bc4 Bc5 5. c3 Nf6 6. cxd4 Bb4+ 7. Bd2 Bxd2+
8. Nbxd2 d5 9. exd5 Nxd5 10. Qb3 Nce7 11. O-O O-O 12. Rae1 a5 13. Bxd5 Nxd5 14.
Re5 c6 15. Rfe1 a4 16. Qd3 f6 17. R5e2 Bg4 18. a3 Qd7 19. Qc4 b5 20. Qc5 Rfe8
21. Rxe8+ Rxe8 22. Rxe8+ Qxe8 23. h4 Qd7 24. Nh2 Be6 25. g3 Bf5 26. Kg2 Qe6 27.
Nhf1 Bh3+ 28. Kg1 Bg4 29. f3 Bh3 30. Kf2 f5 31. Qa7 Qe8 32. Qb7 f4 33. g4 h6
34. h5 Kh7 35. Qa7 Ne3 36. Qc5 Kg8 37. Qc1 Qe6 38. Qe1 Bxg4 39. Nxe3 fxe3+ 40.
Qxe3 Qxe3+ 41. Kxe3 Bxh5 42. Ne4 Bf7 43. Kf4 Kf8 44. Nc5 Bd5 45. Kg4 Kf7 46.
Nd3 Kf6 47. Ne5 h5+ 48. Kxh5 Kf5 49. f4 Be4 50. Nf7 Bf3+ 51. Kh4 Kxf4 52. Ng5
Bg4 53. Nf7 g6 54. Ng5 Bc8 55. Nh7 Bf5 56. Ng5 Ke3 57. Nf7 Kxd4 58. Nd8 c5 59.
Kg5 Kc4 60. Nf7 Kb3 61. Nd6 Kxb2 62. Nxb5 c4 63. Nd4 c3 64. Kf6 Kxa3 65. Ke5
Kb2 66. Kf6 c2 67. Kg7 c1=Q 68. Nb5 Qc4 69. Kh6 Qh4+ 70. Kg7 Qe7+ 71. Kh6 g5
72. Kh5 Qf6 73. Nd6 73... Qg6# {Hossa checkmated} 0-1

[Event "ICS rated blitz match"]
[Site "204.178.125.65"]
[Date "1999.12.05"]
[Round "?"]
[White "smash"]
[Black "Hossa"]
[Result "0-1"]
[WhiteElo "2135"]
[BlackElo "2495"]
[PlyCount "169"]
[EventDate "1999.??.??"]

1. d4 Nf6 2. Nf3 e6 3. Bg5 h6 4. Bh4 d5 5. Nbd2 g5 6. Bg3 Nbd7 7. e3 Bg7 8. Bd3
Nh5 9. Be5 Nhf6 10. O-O g4 11. Ne1 Nxe5 12. dxe5 Nd7 13. Qxg4 Bxe5 14. c3 h5
15. Qe2 h4 16. f4 Bg7 17. Nef3 h3 18. g3 Nc5 19. Bc2 b6 20. Rad1 Qf6 21. Nd4
Bb7 22. b4 Nd7 23. e4 O-O-O 24. e5 Qh6 25. a4 Qh5 26. Qxh5 Rxh5 27. a5 Kb8 28.
axb6 cxb6 29. Ra1 Rc8 30. Ra3 a6 31. Rfa1 b5 32. Rxa6 Bxa6 33. Rxa6 Rxc3 34.
Ra2 Bf8 35. Nxb5 Rc6 36. Nd4 Rc8 37. Kf2 Rh6 38. N2f3 Rc4 39. Bd3 Rc7 40. Rc2
Rxc2+ 41. Nxc2 Be7 42. Ng1 Rh8 43. Ke3 Bd8 44. Nd4 Bb6 45. Bf1 Rc8 46. Ngf3 Rc2
47. Bxh3 Rb2 48. f5 Bxd4+ 49. Kxd4 Rxb4+ 50. Kc3 Rc4+ 51. Kd2 Nc5 52. Ke3 Re4+
53. Kd2 Ra4 54. Ke3 Ra3+ 55. Kd4 Nb3+ 56. Ke3 exf5 57. Kf4 Nc5 58. Bxf5 Ra4+
59. Ke3 Ne4 60. Nd4 Ra1 61. e6 Re1+ 62. Kf4 fxe6 63. Nxe6 Nc3 64. h4 Ne2+ 65.
Kf3 Rf1+ 66. Kxe2 Rxf5 67. Nd4 Rf8 68. h5 Kb7 69. Ke3 Re8+ 70. Kf3 Kb6 71. g4
Kc5 72. Nf5 d4 73. h6 d3 74. Ne3 d2 75. h7 Kd4 76. Nd1 Rh8 77. Ke2 Rxh7 78.
Kxd2 Rh2+ 79. Kc1 Ke4 80. Nc3+ Ke5 81. Nd1 Kf4 82. Nb2 Ke4 83. g5 Kf5 84. g6
Rh8 85. Nc4 {smash resigns} 0-1

[Event "ICS rated blitz match"]
[Site "204.178.125.65"]
[Date "1999.12.05"]
[Round "?"]
[White "geyik"]
[Black "Hossa"]
[Result "0-1"]
[WhiteElo "2223"]
[BlackElo "2502"]
[PlyCount "74"]
[EventDate "1999.??.??"]

1. d4 Nf6 2. Nf3 e6 3. g3 d5 4. Bg2 Bd6 5. O-O O-O 6. Bg5 Nbd7 7. Nbd2 h6 8.
Bxf6 Nxf6 9. Re1 Bd7 10. e4 dxe4 11. Nxe4 Nxe4 12. Rxe4 c5 13. c3 Bc6 14. Rh4
Qe7 15. Qe2 cxd4 16. Nxd4 Bxg2 17. Kxg2 Rfd8 18. Re1 Rd7 19. Re4 Rad8 20. f4
Qf6 21. Qf3 Bc5 22. Nb3 Bb6 23. Re5 Bc7 24. Rb5 b6 25. Rb4 Rd3 26. Qe2 R3d5 27.
Ra4 a5 28. Re4 R8d7 29. Rf1 Qe7 30. Rf2 b5 31. Rd4 Bb6 32. Rxd5 Rxd5 33. Rf3
Qd7 34. Kh1 a4 35. Nd4 Bxd4 36. cxd4 Rxd4 37. Rc3 37... Rd1+ {geyik resigns}
0-1

[Event "ICS rated blitz match"]
[Site "204.178.125.65"]
[Date "1999.12.05"]
[Round "?"]
[White "Hossa"]
[Black "geyik"]
[Result "1-0"]
[WhiteElo "2507"]
[BlackElo "2218"]
[PlyCount "55"]
[EventDate "1999.??.??"]

1. e4 e6 2. d4 d5 3. Nc3 Bb4 4. e5 c5 5. Bd2 Bxc3 6. Bxc3 cxd4 7. Qxd4 a6 8.
Qg4 Kf8 9. Nf3 Nc6 10. Bd3 b5 11. Ng5 Nh6 12. Qh5 Kg8 13. O-O-O Qc7 14. f4 Bb7
15. Rhf1 b4 16. Be1 a5 17. Rf2 a4 18. Kb1 Ba6 19. Bxa6 Rxa6 20. Nxe6 Qb6 21.
Nxg7 b3 22. Qg5 bxc2+ 23. Rxc2 f6 24. Qxh6 Nd4 25. Rc8+ Kf7 26. Rxh8 Qc5 27.
Qh5+ Kxg7 28. Qxh7# {geyik checkmated} 1-0

[Event "ICS rated blitz match"]
[Site "204.178.125.65"]
[Date "1999.12.05"]
[Round "?"]
[White "geyik"]
[Black "Hossa"]
[Result "1/2-1/2"]
[WhiteElo "2213"]
[BlackElo "2512"]
[PlyCount "114"]
[EventDate "1999.??.??"]

1. d4 Nf6 2. Nf3 e6 3. g3 d5 4. Bg2 Bd6 5. O-O O-O 6. c3 c5 7. Bg5 h6 8. Bxf6
Qxf6 9. Qb3 Nc6 10. Nbd2 cxd4 11. c4 Na5 12. Qa4 Nxc4 13. Nxc4 dxc4 14. Qxc4 e5
15. Nd2 Qe7 16. a3 Bg4 17. Rfe1 Rac8 18. Qb3 Rc7 19. Ne4 b6 20. h3 Be6 21. Qd3
Bc4 22. Qd2 Rfc8 23. Rac1 a6 24. Rc2 Bb3 25. Rxc7 Rxc7 26. Rc1 Rxc1+ 27. Qxc1
Qc7 28. Qxc7 Bxc7 29. g4 Bc4 30. e3 Be2 31. Bf1 d3 32. Nc3 Bxf1 33. Kxf1 Bd8
34. e4 Bg5 35. Ke1 b5 36. Nd5 Bc1 37. b3 a5 38. a4 d2+ 39. Kd1 bxa4 40. bxa4 g6
41. Nb6 Bb2 42. Kxd2 Ba3 43. Nc4 Bb4+ 44. Kd3 f6 45. f3 Be1 46. Nb6 Kg7 47. Kc4
h5 48. Kb5 hxg4 49. hxg4 Kh6 50. Nd5 Kg5 51. Kc6 Bb4 52. Kb5 Be1 53. Kc4 Bf2
54. Kc3 Bg3 55. Kd3 Bf2 56. Kc4 Bg3 57. Kb5 57... Be1 {Game drawn by repetition
} 1/2-1/2

[Event "ICS rated blitz match"]
[Site "204.178.125.65"]
[Date "1999.12.05"]
[Round "?"]
[White "Hossa"]
[Black "Killerplay"]
[Result "1-0"]
[WhiteElo "2509"]
[BlackElo "2081"]
[PlyCount "46"]
[EventDate "1999.??.??"]

1. e4 c5 2. Nf3 d6 3. Bb5+ Bd7 4. Bxd7+ Nxd7 5. O-O Ngf6 6. Qe2 e6 7. b3 Be7 8.
Bb2 O-O 9. c4 Qc7 10. Nc3 a6 11. d3 Ne5 12. Rad1 Nxf3+ 13. Qxf3 Nd7 14. Ne2 Bf6
15. Bxf6 Nxf6 16. Nf4 b5 17. Rd2 b4 18. Rfd1 a5 19. d4 cxd4 20. Rxd4 Ra6 21.
Qd3 Nd7 22. Rxd6 Nc5 23. Qd4 23... e5 {Killerplay resigns} 1-0

[Event "ICS rated blitz match"]
[Site "204.178.125.65"]
[Date "1999.12.05"]
[Round "?"]
[White "Killerplay"]
[Black "Hossa"]
[Result "1/2-1/2"]
[WhiteElo "2078"]
[BlackElo "2512"]
[PlyCount "52"]
[EventDate "1999.??.??"]

1. e4 e5 2. Nf3 Nc6 3. Bb5 a6 4. Bxc6 dxc6 5. Nc3 Bg4 6. h3 Bxf3 7. Qxf3 Bb4 8.
a3 Bxc3 9. Qxc3 Qd4 10. Qf3 Nf6 11. d3 O-O-O 12. Ke2 Qc5 13. c3 Qb5 14. b4 Qa4
15. Bd2 Rd6 16. Rhc1 Rhd8 17. c4 Qb3 18. Rc3 Qb2 19. Rac1 h6 20. R1c2 Qb1 21.
Rc1 Qa2 22. R1c2 Qa1 23. Rc1 Qa2 24. R1c2 Qa1 25. Rc1 Qa2 26. R1c2 26... Qa1 {
Game drawn by repetition} 1/2-1/2

[Event "ICS rated blitz match"]
[Site "204.178.125.65"]
[Date "1999.12.05"]
[Round "?"]
[White "Hossa"]
[Black "Killerplay"]
[Result "1-0"]
[WhiteElo "2498"]
[BlackElo "2102"]
[PlyCount "59"]
[EventDate "1999.??.??"]

1. e4 c5 2. Nf3 d6 3. Bb5+ Bd7 4. Bxd7+ Qxd7 5. O-O Nc6 6. d4 cxd4 7. Nxd4 Nf6
8. Nc3 e6 9. Be3 Be7 10. Nxc6 Qxc6 11. Qd4 O-O 12. Rad1 a6 13. Bg5 Rfd8 14. Rd3
Qc5 15. Qxc5 dxc5 16. Rfd1 c4 17. Rxd8+ Rxd8 18. Rxd8+ Bxd8 19. e5 h6 20. Bh4
g5 21. exf6 gxh4 22. Ne4 b5 23. b3 cxb3 24. cxb3 Kh7 25. b4 Kg6 26. Nc5 a5 27.
Nb7 Bxf6 28. bxa5 Be5 29. a6 Bb8 30. Nd8 {Killerplay resigns} 1-0